El Sistema de cartografía electoral de Nicaragua /

El objetivo del trabajo es exponer el sistema de cartografía electoral de Nicaragua, donde se ha logrado avanzar en este campo, con la esperanza de que la experiencia lograda sea de utilidad para aquellos países que se encuentran en proceso de reorganizar y modernizar sus estructuras y procedimiento...

Descrizione completa

Salvato in:
Dettagli Bibliografici
Autore principale: Fiallos Oyanguren, Mariano
Natura: testo
Soggetti:
Tags: Aggiungi Tag
Nessun Tag, puoi essere il primo ad aggiungerne!!

MARC

LEADER 00000 a a2200000 04500
001 2000
003
040
100 |a Fiallos Oyanguren, Mariano  
245 |a El Sistema de cartografía electoral de Nicaragua /  |c Mariano Fiallos Oyanguren 
520 |a El objetivo del trabajo es exponer el sistema de cartografía electoral de Nicaragua, donde se ha logrado avanzar en este campo, con la esperanza de que la experiencia lograda sea de utilidad para aquellos países que se encuentran en proceso de reorganizar y modernizar sus estructuras y procedimientos electorales. La cartografía electoral tiene como función primordial dividir el país en tantas demarcaciones como sea necesario para asignar a cada ciudadano un lugar de votación que satisfaga al máximo las necesidades de eficiencia y pureza electoral. REV/LCL  
650 |a ELECCIONES  
650 |a VOTACION  
650 |a CARTOGRAFIA  
773 |g número 16; páginas 145-164  
999 |c 27165  |d 27165